000 00571nam a2200193Ia 4500
003 GCL
008 140319s9999 xx 000 0 ara d
040 _aGCL /
_cGCL
082 0 4 _a843.3
_bف ت
100 1 _aفلوبير غوستاف
245 1 0 _aالتربية العاطفية /
_cفلوبير غوستاف
700 1 _aايلى مارون خليل
260 _a[S.N] :
_bعويدات للنشر والطباعة ،
_c1988
300 _a230 ص
490 _aماريان
_v0
650 0 4 _aالادب
650 0 4 _aالادب الفرنسى
942 _2ddc
_cBK
999 _c36028
_d36028